15 Largest Cities in North Korea🇰🇵 - Statistics

General Stats
  • This quiz has been taken 18 times
  • The average score is 7 of 15
Answer Stats
Population City % Correct
3.2 million Pyongyang
100%
455k Namp'o
57%
329k Wonsan
57%
327k Chongjin
50%
559k Hamhung
50%
338k Kaesong
50%
288k Sinuiju
50%
310k Sariwon
43%
222k Haeju
36%
192k Hyesan
36%
209k Kanggye
36%
152k Songnim
36%
437k Sunch'on
29%
346k Hungnam
21%
116k Manp'o
21%
No matching quizzes found
Score Distribution
Percent of People with Each Score
Percentile by Number Answered
Your Score History
You have not taken this quiz